[Event "Nizhnij Novgorod Elo"]
[Site "Nizhnij Novgorod"]
[Date "2007.10.??"]
[Round "?"]
[White "Dudukin, Ilya"]
[Black "Korobov, Ilya"]
[Result "1-0"]
[WhiteElo "2413"]
[BlackElo "2393"]
[PlyCount "69"]
[EventDate "2007.10.??"]
[EventType "tourn"]
[EventRounds "9"]
[EventCountry "RUS"]
[SourceTitle "CBM 121 Extra"]
[Source "ChessBase"]
[SourceDate "2008.01.10"]
[SourceVersion "1"]
[SourceVersionDate "2008.01.10"]
[SourceQuality "1"]

1. Nf3 f5 2. d3 Nf6 3. e4 d6 4. exf5 Bxf5 5. d4 Nc6 6. d5 Nb4 7. Nd4 Qd7 8. c4 c5 9. dxc6 bxc6 10. a3 Na6 11. Nxf5 Qxf5 12. Bd3 Qe6+ 13. Be2 Qd7 14. b4 Rc8 15. Bb2 e6 16. 0-0 Be7 17. c5 Nc7 18. Bh5+ Kf8 19. cxd6 Qxd6 20. Qe2 Nxh5 21. Qxh5 Bf6 22. Nc3 Qd2 23. Rab1 Nd5 24. Ne4 Qf4 25. Rfe1 Qf5 26. Qe2 Nf4 27. Qf3 Rd8 28. g4 Rd3 29. Qxd3 Qxg4+ 30. Qg3 Ne2+ 31. Rxe2 Qxe2 32. Qe3 Qg4+ 33. Kh1 Bxb2 34. Rxb2 Kf7 35. f3 1-0

[Event "RUS-ch 54th"]
[Site "Elista"]
[Date "2001.05.08"]
[Round "8"]
[White "Korobov, Ilya"]
[Black "Makarov, Marat"]
[Result "0-1"]
[WhiteElo "2347"]
[BlackElo "2511"]
[PlyCount "80"]
[EventDate "2001.04.29"]
[EventType "swiss"]
[EventRounds "9"]
[EventCountry "RUS"]
[SourceTitle "CBM 083"]
[Source "ChessBase"]
[SourceDate "2001.07.05"]
[SourceVersion "1"]
[SourceVersionDate "2001.07.05"]
[SourceQuality "1"]

1. d4 d5 2. c4 dxc4 3. Nf3 e6 4. e3 c5 5. Bxc4 a6 6. 0-0 Nf6 7. Qe2 b5 8. Bb3 Bb7 9. a4 b4 10. Rd1 Be7 11. Nbd2 Nbd7 12. e4 cxd4 13. e5 Nd5 14. Ne4 Qc7 15. Ng3 d3 16. Rxd3 Nc5 17. Bc4 Nxd3 18. Bxd3 h6 19. h4 g6 20. Bd2 Kf8 21. Rc1 Qb6 22. Ne4 a5 23. Bb1 Ba6 24. Qe1 Kg7 25. g4 Rac8 26. Rxc8 Rxc8 27. h5 g5 28. Nexg5 Bxg5 29. Nxg5 Qd4 30. Ne4 Qxe5 31. g5 hxg5 32. h6+ Kh8 33. Qd1 Nf4 34. Ng3 Ne2+ 35. Kh2 Nxg3 36. fxg3 Qe2+ 37. Qxe2 Bxe2 38. Bxg5 f5 39. Kg2 Kh7 40. Kf2 Bd1 0-1

[Event "Fil Brothers Cup"]
[Site "Murom"]
[Date "2000.??.??"]
[Round "8"]
[White "Geller, Jakov"]
[Black "Korobov, Ilya"]
[Result "0-1"]
[WhiteElo "2195"]
[BlackElo "2395"]
[PlyCount "62"]
[EventDate "2000.??.??"]
[EventType "tourn"]
[EventRounds "11"]
[EventCountry "RUS"]
[SourceTitle "EXT 2001"]
[Source "ChessBase"]
[SourceDate "2000.11.22"]
[SourceVersion "1"]
[SourceVersionDate "2000.11.22"]
[SourceQuality "1"]

1. e4 c5 2. Nc3 Nc6 3. f4 e6 4. Nf3 Nge7 5. d3 d6 6. h3 g6 7. g4 Bg7 8. Bg2 0-0 9. 0-0 Rb8 10. Ne2 f5 11. c3 b5 12. exf5 exf5 13. g5 Be6 14. d4 c4 15. Ng3 Bd5 16. Re1 b4 17. Nd2 bxc3 18. bxc3 Qa5 19. Qc2 Nxd4 20. cxd4 Bxd4+ 21. Kh2 Bxg2 22. Kxg2 Nd5 23. Rb1 Rxb1 24. Qxb1 Nxf4+ 25. Kh2 Qd5 26. Nge4 fxe4 27. Qxe4 Qxg5 28. Nxc4 Bf2 29. Bxf4 Rxf4 30. Qe6+ Rf7 31. Kh1 Qg3 0-1

[Event "RUS-Cup03 Geller Memorial"]
[Site "Moscow"]
[Date "1999.02.10"]
[Round "1"]
[White "Poluljahov, Aleksandr"]
[Black "Korobov, Ilya"]
[Result "1-0"]
[WhiteElo "2566"]
[BlackElo "2372"]
[PlyCount "81"]
[EventDate "1999.02.10"]
[EventType "swiss"]
[EventRounds "9"]
[EventCountry "RUS"]
[SourceTitle "CBM 070"]
[Source "ChessBase"]
[SourceDate "1999.06.08"]
[SourceVersion "1"]
[SourceVersionDate "1999.06.08"]
[SourceQuality "1"]

1. Nf3 f5 2. g3 Nf6 3. Bg2 g6 4. 0-0 Bg7 5. c4 d6 6. Nc3 0-0 7. d3 Nc6 8. Rb1 a5 9. a3 h6 10. b4 axb4 11. axb4 g5 12. b5 Ne5 13. Nxe5 dxe5 14. Bb2 f4 15. Ra1 Rb8 16. Ra7 fxg3 17. hxg3 Ng4 18. Nd5 Be6 19. Qd2 Rf7 20. Ne3 c6 21. Nxg4 Bxg4 22. Qe3 Qd6 23. Ba3 Qf6 24. bxc6 bxc6 25. Ra6 Rc8 26. Rb1 Bd7 27. Rb7 Be8 28. Ra5 e6 29. Rxf7 Bxf7 30. Bb2 Qd8 31. Ra6 Qd6 32. c5 Qb8 33. Rb6 Qa7 34. Bxe5 Bf8 35. Bd4 Bg7 36. Bxg7 Kxg7 37. Qe5+ Kg8 38. Rxc6 Rf8 39. Be4 Qa5 40. Kg2 Qe1 41. Rc7 1-0

[Event "RUS-Cup"]
[Site "Nizhnij Novgorod"]
[Date "1999.??.??"]
[Round "6"]
[White "Korobov, Ilya"]
[Black "Grebionkin, Vladimir"]
[Result "0-1"]
[WhiteElo "2372"]
[BlackElo "2415"]
[PlyCount "78"]
[EventDate "1999.??.??"]
[EventType "swiss"]
[EventRounds "9"]
[EventCountry "RUS"]
[SourceTitle "EXT 2001"]
[Source "ChessBase"]
[SourceDate "2000.11.22"]
[SourceVersion "1"]
[SourceVersionDate "2000.11.22"]
[SourceQuality "1"]

1. c4 c5 2. Nc3 Nc6 3. g3 g6 4. Bg2 Bg7 5. e3 d6 6. d3 Bd7 7. a3 Rb8 8. Nge2 Qc8 9. Nf4 a6 10. a4 h5 11. h4 Bg4 12. f3 Bd7 13. 0-0 Qd8 14. Nfe2 Nf6 15. d4 0-0 16. b3 Re8 17. Ba3 Bh6 18. f4 Qa5 19. Bb2 Ng4 20. Qd2 cxd4 21. exd4 Bf5 22. Kh1 e5 23. d5 Nd4 24. Nxd4 exd4 25. Qxd4 Bg7 26. Qd2 Re3 27. Rf3 Rbe8 28. Raf1 Re2 29. Qc1 Rc2 30. Qa1 Ne3 31. Rc1 Nxg2 32. Rxc2 Nxh4 33. Rff2 Bxc2 34. Rxc2 Nf5 35. Kh2 Qb6 36. b4 Qxb4 37. Nd1 Qe1 38. Rg2 Bxb2 39. Qxb2 Qxd1 0-1

[Event "RUS-ch sf"]
[Site "Kstovo"]
[Date "1998.??.??"]
[Round "3"]
[White "Hasangatin, Ramil"]
[Black "Korobov, Ilya"]
[Result "1-0"]
[WhiteElo "2460"]
[BlackElo "2395"]
[PlyCount "65"]
[EventDate "1998.??.??"]
[EventType "swiss"]
[EventRounds "9"]
[EventCountry "RUS"]
[SourceTitle "EXT 2000"]
[Source "ChessBase"]
[SourceDate "1999.11.16"]
[SourceVersion "1"]
[SourceVersionDate "1999.11.16"]
[SourceQuality "1"]

1. e4 c5 2. Nf3 d6 3. Bb5+ Bd7 4. Bxd7+ Qxd7 5. 0-0 Nc6 6. c3 Nf6 7. d4 Nxe4 8. d5 Nd8 9. Re1 Nf6 10. Bg5 e5 11. Bxf6 gxf6 12. Nh4 Rg8 13. Nd2 Qg4 14. Re4 Qxd1+ 15. Rxd1 b5 16. a4 a6 17. Ra1 Rb8 18. axb5 axb5 19. b4 Kd7 20. Nf5 Rg5 21. g4 Be7 22. f3 Nb7 23. Re2 Rgg8 24. Ne4 cxb4 25. cxb4 Rgc8 26. Ne3 Bd8 27. Kg2 Bb6 28. Nf5 Bd8 29. Ra7 Be7 30. Rea2 Rc7 31. R2a6 Rbc8 32. Kg3 Rd8 33. Nxe7 1-0

[Event "RUS-ch sf"]
[Site "Kstovo"]
[Date "1998.??.??"]
[Round "5"]
[White "Kornev, Alexei"]
[Black "Korobov, Ilya"]
[Result "1-0"]
[WhiteElo "2395"]
[BlackElo "2395"]
[PlyCount "169"]
[EventDate "1998.??.??"]
[EventType "swiss"]
[EventRounds "9"]
[EventCountry "RUS"]
[SourceTitle "EXT 2000"]
[Source "ChessBase"]
[SourceDate "1999.11.16"]
[SourceVersion "1"]
[SourceVersionDate "1999.11.16"]
[SourceQuality "1"]

1. d4 f5 2. e4 fxe4 3. Nc3 Nf6 4. Bg5 g6 5. h4 d5 6. h5 Bg4 7. Be2 Bxe2 8. Qxe2 Nc6 9. Bxf6 exf6 10. hxg6 Qd7 11. Qh5 0-0-0 12. Nge2 h6 13. 0-0-0 f5 14. Nf4 Ne7 15. Rh3 Bg7 16. Nce2 Rhf8 17. Rg3 Rf6 18. Qh3 Rb6 19. Nh5 Nxg6 20. Nxg7 Qxg7 21. Qxf5+ Qd7 22. Qxd7+ Rxd7 23. Rh1 Rf7 24. Rxh6 Rxf2 25. Nc3 e3 26. Rxe3 Rxg2 27. Nxd5 Rd6 28. Ne7+ Kd8 29. Nxg6 Rdxg6 30. Rxg6 Rxg6 31. Ra3 a6 32. Ra5 Rg2 33. a4 Kd7 34. Rd5+ Kc6 35. Rc5+ Kd6 36. a5 Rg4 37. c3 Rg2 38. Kb1 b6 39. axb6 cxb6 40. Rc8 Kd7 41. Rh8 Kc6 42. Rh6+ Kb5 43. Ka2 a5 44. Kb3 Ka6 45. c4 Rg4 46. d5 Kb7 47. Rh7+ Kc8 48. Rf7 Rh4 49. Re7 Rg4 50. Kc3 Rg2 51. Re3 Kb7 52. b3 Rg4 53. Re7+ Kc8 54. Kd3 Rh4 55. Kc3 Rg4 56. Re3 Kb7 57. Rh3 Rf4 58. Rh7+ Kc8 59. Kb2 Rf1 60. Re7 Rg1 61. Re2 Kb7 62. b4 axb4 63. Kb3 Rb1+ 64. Rb2 Rh1 65. Kxb4 Rg1 66. Rh2 Rb1+ 67. Kc3 Kc7 68. Rh7+ Kd6 69. Rh6+ Kc7 70. Rc6+ Kd7 71. Kc2 Rb4 72. Kc3 Rb1 73. Rg6 Kc7 74. Rf6 Kd7 75. Rc6 Kd8 76. Kc2 Rb4 77. Kd3 Rb1 78. Kd4 Kd7 79. Rh6 Rd1+ 80. Kc3 Rb1 81. Rg6 Kc7 82. Rg8 Kd7 83. Ra8 Kc7 84. Ra3 Rh1 85. Ra7+ 1-0

[Event "RUS-ch sf"]
[Site "Kstovo"]
[Date "1998.??.??"]
[Round "8"]
[White "Korobov, Ilya"]
[Black "Krivonogov, Alexander"]
[Result "1-0"]
[WhiteElo "2395"]
[BlackElo "2315"]
[PlyCount "95"]
[EventDate "1998.??.??"]
[EventType "swiss"]
[EventRounds "9"]
[EventCountry "RUS"]
[SourceTitle "EXT 2000"]
[Source "ChessBase"]
[SourceDate "1999.11.16"]
[SourceVersion "1"]
[SourceVersionDate "1999.11.16"]
[SourceQuality "1"]

1. c4 c5 2. Nc3 g6 3. g3 Bg7 4. Bg2 Nc6 5. Nf3 a6 6. 0-0 Rb8 7. d3 Nf6 8. Bg5 0-0 9. Qc1 d6 10. Bh6 b5 11. Bxg7 Kxg7 12. Nd5 e5 13. Nc3 Bg4 14. e3 Qd7 15. b3 h6 16. Re1 Be6 17. cxb5 axb5 18. d4 Rfc8 19. dxe5 dxe5 20. a4 Bxb3 21. axb5 Nb4 22. Nxe5 Qe6 23. Nc6 Rb6 24. Qa3 Nc2 25. Qa7 Nd7 26. Red1 Nxa1 27. Rxd7 Nc2 28. Nd8 Rxd8 29. Rxd8 Nxe3 30. Qa8 Nxg2 31. Ne4 Qe5 32. Rh8 Qxe4 33. Qxe4 Kxh8 34. Qe5+ Kh7 35. Qxc5 Rf6 36. b6 Rf5 37. Qxf5 gxf5 38. b7 Ne1 39. b8Q Nf3+ 40. Kg2 Bd5 41. Qd8 Be4 42. Qf6 h5 43. Qxf7+ Kh6 44. Qf6+ Kh7 45. Kh3 h4 46. g4 fxg4+ 47. Kxg4 Nxh2+ 48. Kf4 1-0

[Event "Pardubice KB op"]
[Site "Pardubice"]
[Date "1997.07.20"]
[Round "4"]
[White "Korobov, Ilya"]
[Black "Gavrilov, Alexei"]
[Result "1-0"]
[WhiteElo "2335"]
[BlackElo "2445"]
[PlyCount "197"]
[EventDate "1997.07.17"]
[EventType "swiss"]
[EventRounds "9"]
[EventCountry "CZE"]
[SourceTitle "CBM 059 Extra"]
[Source "ChessBase"]
[SourceDate "1997.09.26"]
[SourceVersion "1"]
[SourceVersionDate "1997.09.26"]
[SourceQuality "1"]

1. d4 d5 2. c4 e6 3. Nc3 Be7 4. Nf3 Nf6 5. Bg5 0-0 6. e3 h6 7. Bh4 b6 8. Bxf6 Bxf6 9. cxd5 exd5 10. Bd3 Be6 11. e4 c5 12. dxc5 bxc5 13. exd5 Bxc3+ 14. bxc3 Bxd5 15. 0-0 Nc6 16. Re1 Qc7 17. Bh7+ Kxh7 18. Qxd5 Na5 19. Re5 Rac8 20. Rae1 Qc6 21. Qxc6 Rxc6 22. Re7 Ra6 23. Rc7 Nc6 24. g3 Nd8 25. Ree7 Rxa2 26. Rxa7 Rc2 27. Re3 Ne6 28. Ne5 Ng5 29. Kg2 f5 30. Nd7 Rd8 31. h4 Ne4 32. Rf3 Rd2 33. Ne5 R8d5 34. Nc4 Re2 35. h5 Nf6 36. Ne3 Rdd2 37. Rxf5 Nxh5 38. Nf1 Rc2 39. Rxh5 Rxf2+ 40. Kg1 Rf3 41. Ra1 Rfxc3 42. Rd5 Rf3 43. Rad1 c4 44. R5d2 Rxd2 45. Rxd2 c3 46. Rd4 Rf7 47. Rc4 Rf3 48. Kg2 Rd3 49. Kf2 h5 50. Ke2 Rd6 51. Rxc3 Kh6 52. Ne3 g6 53. Kf3 Ra6 54. Nd5 Rd6 55. Nf4 Rf6 56. Ke3 Kg5 57. Rc4 Ra6 58. Nh3+ Kh6 59. Kf3 Ra3+ 60. Kg2 Ra2+ 61. Nf2 Kg5 62. Rc3 Kh6 63. Kf3 Ra1 64. Nh3 Rf1+ 65. Kg2 Rf6 66. Rc5 Kg7 67. Rc4 Kh6 68. Nf4 Ra6 69. Kh3 Kg5 70. Rc5+ Kf6 71. Rb5 Kg7 72. Rb7+ Kh6 73. Re7 Ra5 74. Ne6 Ra8 75. Rd7 Ra6 76. Nf4 Rb6 77. Rd5 Ra6 78. Re5 Rf6 79. Re6 Kg5 80. Rxf6 Kxf6 81. Kg2 Kg5 82. Kf3 Kf5 83. Ng2 Ke5 84. Ne3 g5 85. Nf1 Kf5 86. Nd2 Ke5 87. Ne4 Kf5 88. Nf2 Ke5 89. Nd1 Kf5 90. Nc3 Ke5 91. Ne2 Kd5 92. Ke3 Ke5 93. Nd4 g4 94. Kd3 h4 95. gxh4 Kf4 96. Ke2 g3 97. Kf1 Kg4 98. Nf3 Kxf3 99. h5 1-0

[Event "Decin op"]
[Site "Decin"]
[Date "1997.??.??"]
[Round "4"]
[White "Siegmund, Rainer"]
[Black "Korobov, Ilya"]
[Result "0-1"]
[WhiteElo "2180"]
[BlackElo "2335"]
[PlyCount "94"]
[EventDate "1997.??.??"]
[EventType "swiss"]
[EventRounds "9"]
[EventCountry "CZE"]
[SourceTitle "EXT 1998"]
[Source "ChessBase"]
[SourceDate "1997.11.17"]
[SourceVersion "1"]
[SourceVersionDate "1997.11.17"]
[SourceQuality "1"]

1. d4 f5 2. g3 Nf6 3. Bg2 g6 4. Nh3 Bg7 5. c4 0-0 6. Nc3 d6 7. d5 c6 8. Nf4 Bd7 9. 0-0 a5 10. Rb1 Na6 11. b3 Qc7 12. Bb2 Nc5 13. Nd3 Nce4 14. Nxe4 Nxe4 15. Bxg7 Kxg7 16. Nf4 Nc5 17. Qd4+ Kg8 18. h4 e5 19. dxe6 Nxe6 20. Nxe6 Bxe6 21. Rbd1 Rad8 22. Qf4 Qe7 23. Rd2 Rd7 24. Rfd1 Rfd8 25. Qe3 Qf7 26. Qf4 Qe7 27. Qe3 Qf6 28. Qd4 Qe5 29. e3 Qxd4 30. Rxd4 Kf7 31. Kf1 Ke7 32. R1d2 a4 33. Ke2 axb3 34. axb3 Ra8 35. Rb2 Ra3 36. Kd2 Rd8 37. Kc3 Ra6 38. Rdd2 Rda8 39. Bf3 Ra3 40. Rd1 R8a5 41. Kc2 Rc5 42. Kb1 b5 43. Rc1 bxc4 44. bxc4 Bxc4 45. Rb4 d5 46. Bd1 Rca5 47. Rb2 Bd3+ 0-1